| 000 | 03180nam0a2200565 4500 | ||
|---|---|---|---|
| 001 | RU\NLR\BIBL_A\012400670 | ||
| 005 | 20250809113231.0 | ||
| 035 | _a(NLR Aleph) 012400670 | ||
| 090 |
_a1608 _c1608 |
||
| 100 | _a20201109d1944 u y0rusy50 ca | ||
| 101 | 0 | _arus | |
| 102 | _aRU | ||
| 105 | _ay z 000zy | ||
| 135 | _acrcn 024anaba | ||
| 181 | 0 |
_ai _baxxe |
|
| 182 | 0 | _an | |
| 200 | 1 |
_aЛенинградский выпуск "Последних известий" _e[стенограмма радиопередачи], 19 января 1944 г. Начало 21.00 _fЛенинградский комитет радиовещания |
|
| 203 |
_aТекст _bвизуальный _cнепосредственный |
||
| 210 |
_a[Ленинград] _cЛТ УН-1 _d1944 |
||
| 215 |
_a[1], 21 л. _d29,4х20,5х0,4 |
||
| 300 | _aОписано по бланку Ленинградского комитета радиовещания | ||
| 300 | _aТекст на одной стороне листа | ||
| 309 | _aНапеч. на пиш. маш. Литогр. | ||
| 325 | _aКопия доступна в Электрон. б-ке РНБ | ||
| 327 | 1 | _aСодерж.: Слушайте митинг, посвященный приказу тов. Сталина об освобождении Красного Села и Ропши | |
| 464 | 0 | _12001#$aВести с Ленинградского фронта, 18 января | |
| 464 | 0 | _12001#$aСлушайте митинг, посвященный приказу тов. Сталина об освобождении Красного Села и Ропши | |
| 517 | 1 | _aМитинг, посвященный приказу тов. Сталина об освобождении Красного Села и Ропши | |
| 601 | 0 | 2 |
_aЛенинградский фронт _c1941 - 1945 _xВоенные операции _z1944 _jРечи, выступления и т.п _2nlr_sh2 _3RU\NLR\AUTH\6601678667 |
| 686 | 1 | _aЦ35(2)722.4 | |
| 710 | 0 | 2 |
_aЛенинградский комитет по радиофикации и радиовещанию _3RU\NLR\AUTH\880358224 |
| 852 |
_aNLR _jII Л3-258/1-95 |
||
| 856 | 0 | _uhttps://vivaldi.nlr.ru/bx000025479/view | |
| 856 | 1 | _uhttps://vivaldi.nlr.ru/bx000025479/cover | |
| 856 | 2 | _uhttps://vivaldi.nlr.ru/bx000025479/text | |
| 942 | _cBOOK | ||
| 945 | _aРоссийская национальная библиотека | ||
| 980 | _aNB | ||
| 980 | _aBV | ||
| 980 | 3 | _akplen | |
| 980 | 3 | _akp2021 | |
| 980 | 3 | _akp | |
| 981 | 3 | 7 |
_a(37) Ленинград в Великой Отечественной войне _b(37) Книги блокадного Ленинграда |
| 981 | 2 | 0 |
_a(20) Книжные памятники РНБ _b(20) Русский книжный фонд |